O misterio da Pedra magica (Record no. 45585)

MARC details
000 -Etiqueta do registo
Valores 00414nam a2200157 4500
100 ## - Dados gerais de processamento
Dados gerais 20260128 pory50
101 ## - Língua de publicação
Língua por
102 ## - País de publicação
País PT
200 ## - Titulo e menção de responsabilidade
Título próprio O misterio da Pedra magica
Primeira menção de responsabilidade conto de Isabel Amorós Caceres
Outras menções de responsabilidade il. de Lourdes Murgi
210 ## - Publicação
Nome do editor Eurotrend ediciones
-- dist. Dodot
Data de publicação [cop. 1995]
215 ## - Descrição física 
Paginação / Volumes 1 v.
Outras indicações físicas il.
675 ## - CDU
Notação 82-93
801 ## - Fonte de origem
País PT
Regras de catalogação RPC
990 ## - Elementos KOHA
Tipo de documento Livro
Holdings
Aquisição Empréstimo Código de barras Cota Permissão de empréstimo Tipo de documento
Biblioteca do Centro Escolar de Montoito Biblioteca do Centro Escolar de Montoito 81996 82-93 AMO LIT. INF. JUV.   Livro

Powered by Koha